000 00540 a2200145 4500
999 _c332007
_d332007
003 NUST
005 20171107105326.0
008 171107b xxu||||| |||| 00| 0 eng d
040 _cNUST
082 _a297.1224
_bABU
100 _aAbul-Fadl, Mirza
_96068
245 _aSayings of Muhammad (P.B.U.H)
_cAbul-Fadl, Mirza
260 _aIslamabad:
_bDawah Academy,
_c1992.
300 _axxvi, 247 p. ;
_c 24 cm
650 _aHadith--Texts
_96069
942 _cBK
_2ddc